Ahmed Sékou Touré Int. Airport Destinations (Conakry, Guinea) - Statistics

General Stats
  • This quiz has been taken 63 times
    38 since last reset
  • The average score is 13 of 16
Answer Stats
Airline Destination % Correct
Ethiopian Airlines Addis Ababa
100%
Brussels Airlines Brussels
96%
Royal Air Maroc Casablanca
96%
Emirates Dubai (International)
96%
Turkish Airlines Istanbul
96%
Air France Paris (Charles de Gaulle)
96%
Air Côte d'Ivoire/Ethiopian Airlines Abidjan
91%
Air Senegal/Mauritania Airlines/Transair/Tunisair Dakar (Diass)
91%
Tunisair Tunis
91%
Air France/Mauritania Airlines Nouakchott
87%
ASKY Airlines Bamako
65%
ASKY Airlines Freetown
61%
ASKY Airlines Lomé
61%
Ethiopian Airlines/Turkish Airlines Ouagadougou
57%
Air Côte d'Ivoire Monrovia (Roberts)
52%
Air Côte d'Ivoire Bissau
48%
No matching quizzes found
Score Distribution
Percent of People with Each Score
Percentile by Number Answered
Your Score History
You have not taken this quiz since the last reset